LEADER 01203nam0 2200289 i 450 001 SUN0007158 005 20070619120000.0 100 $a20020823d1997 |0itac50 ba 101 $aita 102 $aIT 105 $a|||| ||||| 200 1 $aˆLe ‰funzioni della retribuzione$fGiovanni Roma 205 $aBari : Cacucci$b1997 210 $aXVIII$d281 p. ; 25 cm 215 $aIn cop.: Università degli studi di Bari. 410 1$1001SUN0007805$12001 $aRicerche di diritto del lavoro e di relazioni industriali$fdirette da Bruno Veneziani e Mario Giovanni Garofalo$1210 $aBari$cCacucci. 606 $aRetribuzione$xDiritto$2FI$3SUNC004276 620 $dBari$3SUNL000009 676 $a344.450121$v21 700 1$aRoma$b, Giovanni$3SUNV005987$0406281 712 $aCacucci$3SUNV000252$4650 801 $aIT$bSOL$c20181109$gRICA 912 $aSUN0007158 950 $aUFFICIO DI BIBLIOTECA DEL DIPARTIMENTO DI GIURISPRUDENZA$d00 CONS IX.Eac.55 $e00 21175 995 $aUFFICIO DI BIBLIOTECA DEL DIPARTIMENTO DI GIURISPRUDENZA$h21175$kCONS IX.Eac.55$op$qa 996 $aFunzioni della retribuzione$9287456 997 $aUNICAMPANIA LEADER 01263cam0-2200301---450 001 9910471952103321 005 20240412124406.0 012 $ao.,e o-e, i-r- alfa (C) 1698 (A)$2fei$5IT-NA0105: SG DFT 14 100 $a20210520d1698----km-y0itay50------ba 101 0 $aita 102 $aDE 140 $aa-----------------bb0------- 200 1 $aEpilogo de' dogmi politici secondo i dettami rimastine dal cardinal Mazzarino. Dal latino nell'italiano idioma ultimamente trasportati 210 $aIn Colonia$cper Giovanni Seliba$d1698 215 $a[144] p.$d16° 300 $aVignetta xil. sul front. 307 $aSegn.: A-F¹² 423 0$12001$aRaccolta di dogmi, che in diverse materie, o sieno civili, e politiche, e di stato; o sieno morali, e monastiche, possono servire per regola ... Opera e studio dell'A.D.G.R.C.M. 620 $aGermania.$dColonia 700 1$aMazzarino,$bGiulio$0196196 719 00$aSeliba,$gGiovanni$4650 801 0$aIT$bUNINA$gREICAT$2UNIMARC 901 $aAQ 912 $a9910471952103321 952 $aSG DFT 14$b2021/1608$fFLFBC 959 $aFLFBC 996 $aEpilogo de' dogmi politici secondo i dettami rimastine dal cardinal Mazzarino dal Latino nell'Italiano idioma ultimamente trasportati$9524492 997 $aUNINA